| 000 | 00963cam a2200289 4500 | ||
|---|---|---|---|
| 001 | J3442 | ||
| 008 | 090401t1993 xxu||||| |||| 00| 0 eng d | ||
| 035 | _a(Sirsi) u55059 | ||
| 041 | _aeng | ||
| 050 | _a333.2 | ||
| 110 |
_aLand Trusts Association _93224 |
||
| 245 | _aOccasional papers. - No. 2 (October 1993) | ||
| 260 |
_bLand Trusts Association _c1993 |
||
| 300 | _aii,19p. ; 21cm. | ||
| 350 | _a0 | ||
| 520 | _aPapers:- Beaulieu Village plan./ MONTAGUE, R. - Managing a trust property in the USA./ SCOTT, C. - Private interests in the care for the countryside./ BRACEWELL-MILNES, B. - VAT and charities./ SOWLER, R. - New trusts from old new towns./ BODDINGTON, M. & COTTERELL, C. | ||
| 650 | _aBEAULIEU ESTATE | ||
| 650 | _aCHARITABLE LAND TRUSTS | ||
| 650 | _aCHARITIES | ||
| 650 | _aMONTPELIER | ||
| 650 | _aNEW TOWNS | ||
| 650 | _aUNITED STATES | ||
| 650 | _aVALUE ADDED TAX | ||
| 690 | _aLAND | ||
| 942 | _n0 | ||
| 948 | _c04/03/1997 | ||
| 999 |
_c93552 _d93552 |
||